[Event "RUS-ch"]
[Site "Elista"]
[Date "1994.??.??"]
[Round "2"]
[White "Ulybin, Mikhail"]
[Black "Ruban, Vadim"]
[Result "1-0"]
[WhiteElo "2510"]
[BlackElo "2560"]
[Annotator "Belov,I"]
[PlyCount "101"]
[EventDate "1994.09.??"]
[EventType "swiss"]
[EventRounds "11"]
[EventCountry "RUS"]
[SourceTitle "CBM 044"]
[Source "ChessBase"]
[SourceDate "1995.02.01"]
[SourceVersion "1"]
[SourceVersionDate "1995.02.01"]
[SourceQuality "1"]

1. e4 c5 2. Nf3 d6 3. Bb5+ Nc6 4. O-O Bd7 5. c3 a6 6. Bxc6 Bxc6 7. Re1 e6 (7...
Nf6 8. d4 cxd4 (8... Bxe4 9. Bg5 Bd5 10. Nbd2 e6 (10... cxd4 11. Nxd4 Qd7 12.
Bxf6 gxf6 13. Qh5 e5 14. c4 $16 {Oratovsky,M-Yudasin,L/ISR/1993/}) 11. c4 Bxf3
12. Qxf3 cxd4 13. Qxb7 Qc8 14. Qf3 Be7 15. Nb3 h6 16. Bh4 O-O $13 {Pedersen,
H-Sher,M/Farum/1993/}) 9. cxd4 Bxe4 10. Nc3 Bxf3 11. Qxf3 e6 12. Qxb7 Qc8 13.
Qb3 Be7 14. d5 e5 $10 {Zaitsev,I-Stripunsky,A/Bukharest/1994/}) 8. d4 cxd4 (
8... d5 9. e5 cxd4 10. Nxd4 Bd7 $6 (10... Ne7 $32) 11. Qg4 Ne7 12. Nd2 Ng6 13.
N2f3 h6 14. h4 $14 {Ulibin,M-Smirin,I/Las Palmas/1994/1:0/42/}) 9. cxd4 d5 10.
Bg5 $5 Be7 (10... Ne7 11. exd5 Bxd5 12. Nc3 $16) (10... Ne7 11. exd5 Bxd5 12.
Nc3 h6 13. Nxd5 $5 Qxd5 (13... hxg5 14. Ne3 $16) 14. Re5 Qd7 15. Bxe7 Bxe7 16.
d5 $16) 11. Bxe7 Nxe7 12. e5 Nf5 13. Nc3 $14 h5 (13... O-O 14. Qd2 f6 15. exf6
Qxf6 16. Ne5 $16) 14. Qd2 Rg8 15. h3 Qe7 16. Rab1 $1 g5 (16... O-O-O 17. b4 Kb8
18. a4 $40) 17. g4 $5 (17. Nh2 g4 18. hxg4 hxg4 19. g3 Qg5 $1 $132) 17... hxg4
18. hxg4 Nh6 (18... Nh4 $1 19. Nh2 (19. Nxh4 gxh4 20. f3 Kd7 21. Re3 f5 $13)
19... Kd7 20. Re3 f5 $13) 19. Nh2 f5 $2 (19... Kd7 $32 20. b4 b5 21. a4 f5 $13)
20. exf6 Qxf6 21. Rxe6+ Qxe6 22. Re1 Qxe1+ 23. Qxe1+ Kd7 (23... Kf7 24. Qd1
Rae8 25. Nf3 $16) 24. Qb1 $1 Rg7 (24... Raf8 25. Qh7+ Nf7 26. Qf5+ Kd6 27. Nf3
$16) 25. Nf3 $1 Kc7 (25... Nxg4 26. Qf5+) 26. Ne5 Rc8 27. b4 Kb8 28. a4 Bd7 $6
(28... Rd8 29. b5 axb5 30. axb5 Be8 $16) 29. Nxd5 Bxg4 (29... Nxg4 30. Nxd7+
Rxd7 31. Nb6 $18) 30. Nxg4 Nxg4 31. Qf5 $18 Rd8 (31... Nh6 32. Qe5+) 32. Nb6 $1
Ka7 33. a5 Nh6 (33... Rxd4 34. Qf8 $18) 34. Qf6 Rgg8 35. Qxh6 Rxd4 36. Qe6 Rgd8
37. Nc4 R4d5 38. Qe3+ Kb8 39. Nb6 Rb5 (39... R5d6 40. Qe5 Ka7 41. Nc8+ $18) (
39... Rd1+ $5) 40. Qe7 Rg8 41. Qd6+ Ka7 42. Nc4 g4 43. Qd4+ Kb8 44. Nd6 Rbg5
45. Qe4 R5g7 46. Ne8 $1 Rf7 47. Qd5 Rgf8 48. Qd8+ Ka7 49. Qb6+ Kb8 50. Nd6 Rd7
51. Nxb7 (51. Nxb7 Rxb7 52. Qd6+ $18) 1-0

[Event "London WFW"]
[Site "London"]
[Date "1991.??.??"]
[Round "?"]
[White "King, Daniel J"]
[Black "Sadler, Matthew D"]
[Result "1-0"]
[WhiteElo "2545"]
[BlackElo "2440"]
[Annotator "Boensch,U"]
[PlyCount "83"]
[EventDate "1991.05.??"]
[EventType "tourn"]
[EventRounds "13"]
[EventCountry "ENG"]
[EventCategory "11"]
[SourceTitle "CBM 024"]
[Source "ChessBase"]
[SourceDate "1991.10.01"]
[SourceVersion "1"]
[SourceVersionDate "1991.10.01"]
[SourceQuality "1"]

1. e4 {Boensch} c5 2. Nf3 d6 3. Bb5+ Nc6 (3... Nd7 {vgl. Ivanchuk-Kasparov,
Linares 1991 -CBM22}) (3... Bd7) 4. O-O Bd7 5. c3 Nf6 6. Re1 a6 7. Bf1 Bg4 8.
h3 (8. d3 g6 (8... e6 $5 $14) 9. Nbd2 Bg7 (9... Bh6 10. h3 Bxf3 11. Nxf3 Bxc1
12. Rxc1 e5 13. d4 $14 {Short-Petursson, Wijk aan Zee 1990 -Inf.50/214}) 10. h3
Bxf3 11. Nxf3 O-O 12. d4 cxd4 13. cxd4 Rc8 $10 {Chernajev-Sveshnikov, URS 1991}
) 8... Bxf3 9. Qxf3 g6 10. Qd1 Bh6 11. a4 (11. Na3 O-O 12. d4 Bxc1 13. Rxc1
cxd4 14. cxd4 d5 $10 {Sax-Polugajevski, Moskau 1977 -ECO}) (11. a3 O-O 12. b4
Nd7 13. Bb2 b5 14. a4 bxa4 15. bxc5 Nxc5 $13 {Gurgenidze-Dorfman, URS 1978 -ECO
}) 11... O-O 12. Na3 Rb8 $6 (12... Nd7 $10) 13. Nc2 e5 14. b4 cxb4 15. cxb4 d5
16. b5 axb5 17. axb5 Na5 18. Ba3 Re8 19. Bb4 b6 20. d3 Bg7 (20... Bf8 $5 $10)
21. Qb1 Rc8 22. Ra2 Nb7 23. Ra7 Nd6 24. Bxd6 Qxd6 25. Nb4 $14 {xc6} Ra8 26.
Rxa8 Rxa8 27. Nc6 Kf8 28. Be2 Ra3 29. Bf3 d4 30. Be2 Bh6 31. Qb2 Nd7 32. Ra1
Rc3 33. Ra7 Rc1+ 34. Bf1 Nc5 35. Qa2 Ne6 36. g3 Rc5 37. Qa6 Ng5 38. Ra8+ Kg7
39. Qc8 Nf3+ 40. Kg2 Be3 41. Qh8+ Kh6 42. Kxf3 1-0

[Event "Linares 09th"]
[Site "Linares"]
[Date "1991.??.??"]
[Round "1"]
[White "Ivanchuk, Vassily"]
[Black "Kasparov, Garry"]
[Result "1-0"]
[WhiteElo "2695"]
[BlackElo "2800"]
[Annotator "Boensch,U"]
[PlyCount "75"]
[EventDate "1991.02.??"]
[EventType "tourn"]
[EventRounds "13"]
[EventCountry "ESP"]
[EventCategory "17"]
[SourceTitle "CBM 022"]
[Source "ChessBase"]
[SourceDate "1991.06.01"]
[SourceVersion "1"]
[SourceVersionDate "1991.06.01"]
[SourceQuality "1"]

1. e4 {Anand} c5 2. Nf3 d6 3. Bb5+ Nd7 4. d4 Ngf6 5. O-O (5. e5 Qa5+ 6. Nc3 Ne4
7. Bd2 Nxc3 8. Bxd7+ Bxd7 9. Bxc3 $13) 5... cxd4 6. Qxd4 a6 (6... e5 {Anand} 7.
Qd3) 7. Bxd7+ Bxd7 8. Bg5 h6 9. Bxf6 gxf6 10. c4 {N} (10. Nc3 e6 11. Qd3 Be7
12. Nd4 Qa5 13. a4 Rc8 $10 {Fernandez Garcia,J-Csom,I/Malaga/1981/}) 10... e6
11. Nc3 Rc8 12. Kh1 h5 13. a4 h4 14. h3 Be7 15. b4 a5 16. b5 Qc7 (16... Rc5 $5)
17. Nd2 Qc5 18. Qd3 Rg8 19. Rae1 Qg5 (19... b6 {Anand} 20. f4 $140 Rg3 21. Rf3
Rxf3 22. Qxf3 Qd4 $132) 20. Rg1 Qf4 21. Ref1 {/\ Ne2,f2-f4} b6 22. Ne2 Qh6 23.
c5 $5 (23. f4 $16) 23... Rxc5 $2 (23... bxc5 $2 24. Nc4 $18) (23... dxc5 $1 24.
Nc4 Rb8 25. Rd1 (25. Nd6+ {Anand} Bxd6 26. Qxd6 Rb7) 25... Bc8 26. f4 (26. Nd6+
Kf8 27. Nxc8 Rxc8 28. Qd7 Rd8 29. Qc7 Rxd1 30. Rxd1 Qg5 31. Qb8+ Kg7 32. Qxb6
Kh7 $13) 26... Kf8 $13) 24. Nc4 Kf8 25. Nxb6 Be8 26. f4 f5 27. exf5 Rxf5 28.
Rc1 Kg7 29. g4 $1 Rc5 (29... hxg3 30. Qxg3+ Kf6 31. Qc3+ $18) 30. Rxc5 dxc5 31.
Nc8 Bf8 (31... Kf8 $16) (31... Bd8 $5 $16) 32. Qd8 $18 Qg6 33. f5 Qh6 (33...
Qf6 34. Qxe8 Qe5 35. Rg2 Qa1+ 36. Ng1 $18) 34. g5 (34. Qxe8 $2 Qe3) 34... Qh5
35. Rg4 exf5 36. Nf4 Qh8 37. Qf6+ Kh7 38. Rxh4+ 1-0

[Event "Groningen"]
[Site "Groningen"]
[Date "1989.??.??"]
[Round "?"]
[White "Spasov, Vasil"]
[Black "Rogers, Ian"]
[Result "0-1"]
[WhiteElo "2430"]
[BlackElo "2470"]
[Annotator "Boensch,U"]
[PlyCount "48"]
[EventDate "1989.12.??"]
[EventType "tourn"]
[EventRounds "9"]
[EventCountry "NED"]
[EventCategory "11"]
[SourceTitle "CBM 016"]
[Source "ChessBase"]
[SourceDate "1990.06.01"]
[SourceVersion "1"]
[SourceVersionDate "1990.06.01"]
[SourceQuality "1"]

1. e4 {Bönsch} c5 2. Nf3 Nc6 3. Bb5 d6 4. Bxc6+ bxc6 5. h3 e5 6. O-O $2 (6. d3)
6... g5 $1 7. d3 (7. Nh2 h5 8. d3 g4 $17) 7... g4 8. hxg4 Bxg4 9. Nbd2 Ne7 10.
Qe1 Rg8 11. Nh4 Ng6 12. Nxg6 Rxg6 13. f3 Bh3 14. Rf2 Qh4 15. Qe2 (15. Nf1 $2
Rxg2+ $19) 15... Bh6 16. Nc4 Bxc1 17. Rxc1 Kd7 18. Ne3 Rag8 19. Ng4 (19. Kf1 $2
Bxg2+ 20. Rxg2 Qh1+ $19) 19... Bxg4 20. fxg4 Rh6 $1 $19 21. Rxf7+ Ke8 22. g5 (
22. Rxa7 Qh1+ 23. Kf2 Rf8+ $19) 22... Qh1+ 23. Kf2 Qxc1 24. Qg4 Qd2+ (24...
Qd2+ 25. Kf1 (25. Kg1 Qe1+ 26. Rf1 Rh1+ 27. Kxh1 Qxf1+ 28. Kh2 Qf4+ $19) (25.
Kf3 Qd1+ $19) (25. Kg3 Rxg5 $19) 25... Rh1#) 0-1

[Event "Malmo"]
[Site "Malmo"]
[Date "1993.??.??"]
[Round "8"]
[White "Brynell, Stellan"]
[Black "Petursson, Margeir"]
[Result "0-1"]
[WhiteElo "2465"]
[BlackElo "2560"]
[Annotator "Boensch,U"]
[PlyCount "62"]
[EventDate "1993.06.??"]
[EventType "tourn"]
[EventRounds "9"]
[EventCountry "SWE"]
[EventCategory "11"]
[SourceTitle "CBM 036"]
[Source "ChessBase"]
[SourceDate "1993.10.01"]
[SourceVersion "1"]
[SourceVersionDate "1993.10.01"]
[SourceQuality "1"]

1. e4 c5 2. Nf3 d6 3. Bb5+ Nc6 4. O-O Bd7 5. Re1 Nf6 6. c3 a6 7. Bf1 (7. Ba4 c4
8. d4 cxd3 9. Bg5 e6 10. Qxd3 Be7 11. Nbd2 Ne5 12. Nxe5 Bxa4 13. Nec4 Qc7 14.
Bxf6 gxf6 15. Ne3 O-O-O $132 {Nijboer,F-Akopian,V Wijk op (07) 1993}) 7... Bg4
8. d3 (8. h3 Bxf3 9. Qxf3 g6 10. d3 Bg7 $10) (8. d4 $5 $146 Bxf3 9. gxf3 cxd4
10. cxd4 e5 11. d5 Nd4 12. Be3 g6 13. f4 Nh5 14. Nd2 Bg7 15. fxe5 dxe5 16. Nf3
Nxf3+ 17. Qxf3 O-O 18. Bh3 Nf4 19. Bxf4 exf4 20. e5 Qg5+ 21. Qg4 $16 {
Kotronias,V-Kuijf,M Wijk Sonnevanck (08) 1992}) 8... g6 (8... e6 9. Nbd2 Be7
10. h3 Bh5 11. a3 d5 12. g4 Bg6 13. Nh4 dxe4 14. Nxg6 hxg6 15. Nxe4 Nxe4 16.
Rxe4 $10 {Christiansen,L-Khalifman,A Munich (01) 1992}) (8... Bxf3 9. Qxf3 g6
$10) 9. Nbd2 Bh6 $5 $146 10. h3 Bxf3 11. Nxf3 Bxc1 12. Rxc1 O-O $10 13. d4 e5
14. Qd2 Kg7 15. Bc4 Qe7 16. Bd5 Rac8 17. dxc5 dxc5 18. Rcd1 b5 19. Qe3 $6 (19.
Bxc6 $14) 19... Nb8 $1 20. Qg5 $6 Rfe8 21. Rd2 c4 {/\ Nd7-c5-d3} 22. Red1 Rc7
23. Qe3 Nbd7 24. b4 cxb3 25. axb3 Qc5 $1 $17 26. Qg5 h6 27. Qh4 Nb6 (27... Qxc3
$2 28. Bxf7 Kxf7 29. Qxh6 $40) 28. Ne1 $2 Qxc3 29. Rc2 g5 $1 $19 30. Qg3 (30.
Rxc3 Rxc3 31. Qg3 Rxg3 32. fxg3 Rd8 33. Nc2 Nxe4 $19) 30... Qxg3 31. Rxc7 $2 (
31. fxg3 Rxc2 32. Nxc2 $17) 31... Nbxd5 (31... Nbxd5 32. exd5 Qxb3 $19) 0-1

[Event "URS-ch58"]
[Site "Moscow"]
[Date "1991.??.??"]
[Round "11"]
[White "Ulybin, Mikhail"]
[Black "Yudasin, Leonid"]
[Result "1/2-1/2"]
[WhiteElo "2565"]
[BlackElo "2595"]
[Annotator "Boensch,U"]
[PlyCount "85"]
[EventDate "1991.11.??"]
[EventType "swiss"]
[EventRounds "11"]
[EventCountry "URS"]
[SourceTitle "URS-ch"]
[Source "ChessBase"]
[SourceDate "1999.07.01"]
[SourceVersion "1"]
[SourceVersionDate "1999.07.01"]
[SourceQuality "1"]

1. e4 c5 2. Nf3 d6 3. Bb5+ Nc6 4. O-O Bd7 5. c3 a6 6. Bxc6 Bxc6 7. Re1 Nf6 8.
d4 Bxe4 9. Bg5 d5 (9... Bd5 10. Nbd2 e6 11. c4 Bxf3 12. Qxf3 cxd4 13. Bxf6 (13.
Qxb7 Qc8 14. Qb6 Qc5 15. Qb7 Qc8 $10) 13... gxf6 14. Qxb7 Bg7 15. Rxe6+ fxe6
16. Qxg7 Rf8 $13 {Buchal,S-Ribli,Z BL 8990 1989}) 10. Nbd2 Bxf3 (10... Bg6 11.
dxc5 e6 12. Qa4+ (12. Bxf6 gxf6 13. Qa4+ Qd7 14. Qh4 Be7 15. Rad1 Qc6 16. Nb3
Rd8 17. c4 dxc4 18. Rxd8+ Bxd8 19. Qxc4 O-O $10 {Gizynski,T-Lukin,A
Miedzybrodzie 1991}) 12... Qd7 13. Qd4 Ne4 14. Nxe4 dxe4 15. Qxd7+ Kxd7 16.
Ne5+ Ke8 17. b4 Bf5 18. g4 f6 19. gxf5 exf5 20. Bf4 g5 21. Bg3 fxe5 $14 {
1/2 Pedzich,D-Kuczynski,R POL-ch 1991}) (10... e6 $10) 11. Qxf3 cxd4 {N} (11...
e6 12. Bxf6 Qxf6 (12... gxf6 $5) 13. Qxd5 Qe7 14. Qe5 $16 {Georgadze,T-Tal,M
URS-ch 1978}) 12. Bxf6 gxf6 13. Qxf6 Rg8 14. Qxd4 Qd7 15. Rad1 O-O-O 16. Qd3
Qg4 17. g3 h5 18. Nf3 h4 19. Ne5 Qh5 20. Qe3 e6 21. c4 Bb4 22. cxd5 $1 (22. Rf1
dxc4 $17) 22... Bxe1 23. Rc1+ Kb8 24. Nc6+ $10 bxc6 25. Qb6+ Ka8 26. Qxa6+ Kb8
27. Qb6+ Ka8 28. Qa6+ (28. dxc6 Bxf2+ 29. Kxf2 hxg3+ $19) 28... Kb8 29. Qb6+
Ka8 30. Qxc6+ Kb8 31. Qb6+ Ka8 32. Qa6+ Kb8 33. Qb5+ Ka8 34. Qa4+ Kb8 35. Qb5+
Ka8 36. Qa4+ Kb8 37. Qb3+ Ka8 38. Qd3 {Schreibfehler? (38.Qa3)} Kb8 (38...
Bxf2+ 39. Kf1 Qxd5 $19) 39. Qb3+ Ka8 40. Qa4+ Kb8 41. Qb5+ Ka8 42. Qc6+ Kb8 43.
Qc7+ {Boensch} 1/2-1/2

[Event "Oakham YM"]
[Site "Oakham"]
[Date "1992.??.??"]
[Round "6"]
[White "Ulybin, Mikhail"]
[Black "Tiviakov, Sergei"]
[Result "0-1"]
[WhiteElo "2585"]
[BlackElo "2575"]
[Annotator "Boensch,U"]
[PlyCount "80"]
[EventDate "1992.03.??"]
[EventType "swiss"]
[EventRounds "9"]
[EventCountry "ENG"]
[SourceTitle "CBM 030"]
[Source "ChessBase"]
[SourceDate "1992.10.01"]
[SourceVersion "1"]
[SourceVersionDate "1992.10.01"]
[SourceQuality "1"]

1. e4 c5 2. Nf3 Nc6 3. Bb5 d6 4. O-O Bg4 {4...Bd7 -Tal-Akopian CBM 30} (4...
Bd7) 5. c3 (5. h3 $5) 5... Qb6 6. Ba4 (6. Na3 $5) 6... Nf6 7. d4 O-O-O $1 (7...
cxd4 $2 8. cxd4 Bxf3 9. gxf3 $16) 8. Bxc6 Qxc6 9. d5 Qa6 10. Re1 e6 11. Na3 Nd7
12. Bf4 Be7 13. h3 Bh5 14. c4 g5 $40 15. Bh2 g4 16. hxg4 Bxg4 17. Nb5 e5 18. a3
Rhg8 19. Qd3 f5 $17 20. exf5 Rdf8 21. f6 Nxf6 22. Nd2 Qb6 23. b4 Nd7 24. Ne4
Bf3 25. Bg3 Bxe4 26. Rxe4 h5 27. Nc3 cxb4 28. axb4 h4 29. Na4 Qd8 30. Bh2 Rf6
31. Qh3 Rfg6 32. Nc3 Kb8 33. Re2 Rxg2+ $1 $19 34. Qxg2 h3 35. Qxg8 (35. Qg3 Bh4
$19) 35... Qxg8+ 36. Bg3 Qg4 37. Kh2 (37. Re3 Bg5 38. Rd3 e4 $19) 37... Qf3 38.
Kxh3 Qxc3 39. Rea2 Qxc4 40. Rxa7 Nb6 {Boensch} 0-1

[Event "EU-chT (Men) 21st"]
[Site "Heraklion"]
[Date "2017.11.05"]
[Round "8.1"]
[White "Bologan, Viktor"]
[Black "Ftacnik, Lubomir"]
[Result "1-0"]
[WhiteElo "2615"]
[BlackElo "2546"]
[Annotator "Bologan,V"]
[PlyCount "75"]
[EventDate "2017.10.28"]
[EventType "team-swiss"]
[EventRounds "9"]
[EventCountry "GRE"]
[SourceTitle "CBM 182"]
[Source "ChessBase"]
[SourceDate "2018.01.17"]
[SourceVersion "1"]
[SourceVersionDate "2018.01.17"]
[SourceQuality "1"]
[WhiteTeam "Moldova"]
[BlackTeam "Slovakia"]
[WhiteTeamCountry "MDA"]
[BlackTeamCountry "SVK"]

1. e4 c5 2. Nf3 d6 3. Bb5+ Nd7 4. c3 {A relatively new idea in this position.
White's main ideas are similar to the Ruy Lopez. At least the setup is the
same.} Ngf6 5. Bd3 {Another serious alternative is 5.Qe2. But I prefered for
this game to keep my queen on d1.} (5. Qe2 a6 6. Ba4 b5 (6... e5 {White will
play like in the Ruy Lopez:} 7. O-O Be7 8. d4 O-O 9. d5 Re8 10. c4 Bf8 11. Nc3
g6 12. Ne1 $1 {and also like in the King's Indian:} Bg7 13. Nd3 Qe7 14. a3 Rf8
15. b4 b6 16. Bc6 Ra7 17. Rb1 $16 {Svetushkin,D 2563 - Papakonstantinou,Di1
2207 , Anogia GRE 7/17/2017 6th Ideon Andron Op 2017}) (6... e6 7. O-O Be7 8.
d4 b5 (8... cxd4 9. cxd4 O-O 10. Bc2 Re8 11. Nc3 Nf8 12. e5 Nd5 13. Nxd5 exd5
14. h3 Bd7 15. Re1 Ng6 16. Bd2 $14 {Lupulescu,C 2631 - Luncasu,R 2181 , Baile
Govora ROU 11/12/2017 TCh-ROU Superliga 2017}) 9. Bc2 Bb7 10. Nbd2 Qc7 (10...
cxd4 11. cxd4 Rc8 12. Bd3 Qc7 13. b3 O-O 14. Bb2 e5 15. a4 $14 {Svetushkin,D
2574 - Van Delft,M 2347 , Hofheim GER 4/10/2017 5th Hofheim Spring Open}) (
10... O-O 11. b3 Qc7 12. Bd3 Rfc8 13. Bb2 e5 14. d5 c4 15. bxc4 Nc5 16. Bc2
bxc4 17. Qxc4 Qb8 18. Qb4 a5 19. Qa3 $14 {Svetushkin,D 2574 - Zude,E 2407 ,
Hofheim GER 4/11/2017 5th Hofheim Spring Open}) 11. Bd3 Nh5 12. g3 Nhf6 13. b3
O-O 14. Bb2 c4 15. Bc2 cxb3 16. axb3 b4 17. Bd3 bxc3 18. Rac1 Rfc8 19. Rxc3 Qd8
20. Ra1 $14 {Ponomariov,R 2712 - Vidit,S 2692 , Khanty-Mansiysk RUS 6/24/2017
11th World Teams 2017}) 7. Bc2 e5 8. d4 Be7 9. O-O O-O 10. d5 c4 11. b4 cxb3
12. axb3 Qc7 13. Bd2 Nh5 14. c4 bxc4 15. Qxc4 Qd8 16. Ba5 Qe8 17. Nbd2 $14 {
Kryvoruchko,Y 2708 - Vishnu,P 2534 , Sharjah UAE 3/25/2017 1st Sharjah Masters
2017}) 5... b6 (5... e6 6. Bc2 b5 7. d4 Bb7 8. Nbd2 Be7 9. O-O cxd4 10. cxd4
O-O 11. Re1 Rc8 12. Nf1 e5 13. Ng3 g6 14. d5 (14. Bb3 exd4 15. Bh6 Re8 16. Ng5
Ne5 17. a4 {Eljanov,P 2759 - Salem,AR 2656 , Sharjah UAE 2/27/2017 Sharjah
Grand Prix 2017} bxa4 18. Rxa4 Qb6 $17) 14... a5 15. Bh6 Re8 16. h3 Ba6 17. a3
a4 18. Ne2 Nc5 19. Nc3 Nh5 20. Qd2 Bf6 21. Rac1 Rb8 22. Na2 $14) (5... Ne5 6.
Nxe5 dxe5 7. Be2 Bd7 8. d3 e6 9. O-O Bc6 {Macovei,Andrei 2343 - Harsha,B 2445 ,
Tarvisio ITA 11/24/2017 World Junior Open 2017} 10. Nd2 $14) (5... Qc7 6. Bc2
d5 7. d3) 6. O-O Bb7 7. Re1 Rc8 (7... e6 8. Bc2 Be7 9. d4 O-O {Nayhebaver,
Martin 2440 - Gozzoli,Y 2582 , Balatonszarszo HUN 9/22/2017 Mitropa Cup 2017}
10. e5 Nd5 11. Qd3 g6 12. Bh6 Re8 13. Nbd2 cxd4 14. exd6 Bxd6 15. Qxd4 e5 16.
Qg4 $14) 8. Bc2 Qc7 9. Na3 $1 {} e5 (9... e6 10. Nb5 Qb8 11. d4 a6 12. Na3
cxd4 13. cxd4 b5 14. d5 {!} e5 15. Be3 b4 (15... Be7 16. Rc1 O-O 17. Nb1 a5 18.
a3 b4 19. axb4 axb4 20. h3 Rc7 21. Bd3 Rfc8 22. Rxc7 Qxc7 23. Nbd2 Nc5 24. Bxc5
Qxc5 25. Nb3 Qb6 26. Nfd2 $14) 16. Nb1 Qc7 17. Bd3 Ng4 18. Bg5 h6 19. Bh4 Ngf6
20. Bxf6 Nxf6 21. Qa4+ $16 {Svetushkin,D 2558 - Salinas Herrera,P 2411 ,
Barcelona ESP 8/25/2017 19th Sants Open 2017}) 10. d4 cxd4 11. cxd4 Be7 12. b3
O-O 13. Bb2 a6 ({Instead Black could immediately play} 13... b5 $5 14. b4 Qb6
15. Qd2 a6 16. d5 Qd8 17. Qd1 Nb6 18. Bb3 h6 19. h3 Qd7 {White still should be
slightly better, but Black has a very solid position as well.}) 14. Nc4 b5 ({
In similar positions in the Breyer Black is advised to open the centre by} 
14... exd4 15. Nxd4 {and limit the knight by} g6 16. Ne3 Rfe8 17. Qd2 Bf8 {
provoking White into a sacrifice} 18. Ndf5 $5 {which brings him only a draw:}
gxf5 19. Nxf5 Qxc2 20. Qg5+ Kh8 21. Bxf6+ Nxf6 22. Qxf6+ Kg8 23. Qg5+ Kh8 24.
Qf6+ $11) 15. Ne3 Rfe8 {This does not work.} (15... Bxe4 16. Bxe4 Nxe4 17. Nd5
$18) ({but another capture was interesting:} 15... Nxe4 16. Rc1 Qd8 17. dxe5
dxe5 18. Nf5 Nef6 19. Nxe5 Nxe5 20. Qxd8 Bxd8 21. Bxe5 {and White is just
slightly better.}) 16. Rc1 Qb6 17. Nf5 Bf8 18. Qd2 h6 (18... exd4 19. Bxd4 Qd8
20. Qg5 g6 21. Nh6+ Bxh6 22. Qxh6 $14) 19. h3 a5 (19... exd4 20. Bxd4 Qd8 21.
Qf4 (21. Ng3 Nc5) 21... Bxe4) 20. a3 b4 21. a4 Red8 (21... Qd8 22. d5 Nc5 23.
Qe3 Ba6 $15) 22. Nh2 (22. Bb1 Rxc1 23. Qxc1 Re8 24. Qd2 Qc7 25. Ng3 exd4 26.
Bxd4 Qd8 27. Qf4 {with some pressure on Black's position.}) 22... d5 $6 {
Trying to punish me for removing the knight from the centre, which actually
didn't work so well for Black.} ({It was better was hold the position with} 
22... Kh7 $5 {after that the planned} 23. f4 {is not possible due to} g6 24.
Ng3 h5 $15 {taking over the initiative.}) 23. exd5 Nxd5 (23... e4 $5 {this
move for some reason completely escaped my attention; still White is better
after} 24. Nf1 Qa6 25. d6 Bxd6 26. d5 $14) 24. dxe5 Nc5 25. Ng4 $16 {Suddenly
White has an extra pawn and nice prospects for the attack.} Nc3 26. Qe3 Qe6 27.
Bxc3 bxc3 28. Qg3 Kh8 29. Nd6 $1 {It is funny to admit that I was simply
intending to win a pawn on c3 after exchanges; but on a closer look I realised
that Ftacnik simply can not take with the queen on d6.} Rxd6 (29... Bxd6 30.
exd6 Qxd6 {due to} 31. Re8+ $1 Rxe8 32. Qxd6 $18) 30. exd6 Bxd6 31. Qxc3 Qd5 {
The position is winning but we were already in a kind of time trouble and I
still had to make few precize moves.} 32. Qf3 {Exchanging queens is always
good when you have extra material.} Qxf3 33. gxf3 Bxf3 34. Bf5 Rb8 35. Ne5 Bh5
36. Bg4 {It's over, Black simply cannot hold it anymore.} Nxb3 37. Bxh5 Bxe5
38. Rb1 1-0